Malý tanečník s veľkým srdcom

Bibliographic Details
Main Authors: Točeková, Simona (Author), Dragašeková, Tatiana (Author)
Format: Article
Language:Slovak
Subjects:

MARC

LEADER 00000nab a2200000 ar4500
001 vtls010569141
003 SK-MaSNL
005 20260305002753.0
008 140115c2013 xo sr|p|||||||000 b|slo
038 |a PPPK 
040 |a PPPKCL  |b slo  |c PPPKCL  |e AACR2 
041 0 |a slo 
044 |a xo  |c SK 
080 |a 793.3:796.034.6  |2 2001 
080 |a 78.038.6  |2 2001 
100 1 |a Točeková, Simona  |4 aut  |9 1265738 
245 1 0 |a Malý tanečník s veľkým srdcom  |c Simona Točeková, Tatiana Dragašeková 
300 |b Fotogr. 
600 1 7 |a Krigovský, Jaroslav  |2 pppkcl  |9 1579033 
610 2 7 |a Základná umelecká škola (Kežmarok, Slovensko)  |2 pppkcl  |9 54516 
650 0 7 |a tanečný šport  |2 pppkcl  |9 71032 
650 0 7 |a hip-hop (hudba)  |2 pppkcl  |9 113486 
650 0 7 |a tanečníci  |2 pppkcl  |9 31685 
651 7 |a Kežmarok (Slovensko)  |2 pppkcl  |9 26808 
700 1 |a Dragašeková, Tatiana  |4 aut  |9 1094858 
773 0 |t Kežmarok  |g Roč. XXI, č. 21 (2013), s. 18 
852 |a PPPK  |b KIS3GCP 
999 |c 3226921  |d 3228851